000 00619nam a2200241Ia 4500
003 OSt
005 20220928122650.0
006 a|||||r|||| 00| 0
007 ta
008 220927b |||||||| |||| 00| 0 eng d
024 _a30635
037 _cTextual
040 _aSDCL
_cSDCL
_beng
041 _2eng
_aeng
082 _aL:5238-424, M6
100 _aJay James M
_9443237
245 0 _aModern food microbiology.
250 _a3
260 _aNew York
_b Van Nostrand Reinhold
300 _axiv,642p.
_ccm.
942 _hL:5238-424, M6
_cTEXL
_2CC
999 _c772135
_d772135